[Event "HUN-chT2 Erkel 1516"]
[Site "Hungary"]
[Date "2016.04.17"]
[Round "11.9"]
[White "Barta, Zoltan"]
[Black "Todor, Attila"]
[Result "1-0"]
[WhiteElo "1938"]
[BlackElo "1985"]
[PlyCount "65"]
[EventDate "2015.09.13"]
[EventType "team-tourn"]
[EventRounds "11"]
[EventCountry "HUN"]
[SourceTitle "EXT 2017"]
[Source "ChessBase"]
[SourceDate "2016.10.25"]
[SourceVersion "1"]
[SourceVersionDate "2016.10.25"]
[SourceQuality "1"]
[WhiteTeam "Andornaktalya"]
[BlackTeam "Paszto"]
[WhiteTeamCountry "HUN"]
[BlackTeamCountry "HUN"]

1. c4 e5 2. Nc3 Nc6 3. g3 g6 4. Bg2 Bg7 5. e4 Nf6 6. Nge2 d6 7. d3 0-0 8. 0-0 Bg4 9. h3 Be6 10. Be3 Nh5 11. Qd2 f5 12. Bh6 Qd7 13. Bxg7 Kxg7 14. exf5 Bf7 15. fxg6 hxg6 16. Kh2 Rh8 17. Qg5 Be6 18. h4 Nf6 19. f3 Rh5 20. Qe3 Ne7 21. Kg1 Nf5 22. Qd2 Nd4 23. Nxd4 exd4 24. Ne4 Bh3 25. Nxf6 Kxf6 26. Qf4+ Kg7 27. Qxd4+ Kf7 28. Rae1 Rah8 29. Re4 Bf5 30. Re3 R8h7 31. f4 c6 32. Qxa7 Bg4 33. Rfe1 1-0

[Event "HUN-chT2 Erkel 1516"]
[Site "Hungary"]
[Date "2016.02.14"]
[Round "7.9"]
[White "Rozsnyai, Tibor"]
[Black "Todor, Attila"]
[Result "1-0"]
[WhiteElo "2012"]
[BlackElo "1985"]
[PlyCount "63"]
[EventDate "2015.09.13"]
[EventType "team-tourn"]
[EventRounds "11"]
[EventCountry "HUN"]
[SourceTitle "EXT 2017"]
[Source "ChessBase"]
[SourceDate "2016.10.25"]
[SourceVersion "1"]
[SourceVersionDate "2016.10.25"]
[SourceQuality "1"]
[WhiteTeam "MAFC"]
[BlackTeam "Paszto"]
[WhiteTeamCountry "HUN"]
[BlackTeamCountry "HUN"]

1. c4 e5 2. Nc3 Nf6 3. g3 Be7 4. Bg2 c6 5. d4 exd4 6. Qxd4 0-0 7. Nf3 Na6 8. 0-0 d6 9. b3 Nc7 10. Rd1 d5 11. Bb2 c5 12. Qd3 d4 13. Ne4 Nxe4 14. Qxe4 f5 15. Qc2 Qe8 16. b4 cxb4 17. Nxd4 Bf6 18. e3 Rb8 19. a3 bxa3 20. Bxa3 Be7 21. Bxe7 Qxe7 22. Rxa7 Na6 23. Nb5 Qc5 24. Qc3 Be6 25. Bxb7 Rf7 26. Bd5 Bxd5 27. Rxd5 Qc6 28. Rd6 Qc8 29. Rxf7 Kxf7 30. Qd4 Nc5 31. Qd5+ Kf8 32. Rc6 1-0

[Event "HUN-chT2 Erkel 1516"]
[Site "Hungary"]
[Date "2015.11.29"]
[Round "5.9"]
[White "Farkas, Istvan"]
[Black "Todor, Attila"]
[Result "0-1"]
[WhiteElo "1943"]
[BlackElo "1985"]
[PlyCount "78"]
[EventDate "2015.09.13"]
[EventType "team-tourn"]
[EventRounds "11"]
[EventCountry "HUN"]
[SourceTitle "CBM 170 Extra"]
[Source "ChessBase"]
[SourceDate "2016.02.25"]
[SourceVersion "1"]
[SourceVersionDate "2016.02.25"]
[SourceQuality "1"]
[WhiteTeam "Jaszbereny"]
[BlackTeam "Paszto"]
[WhiteTeamCountry "HUN"]
[BlackTeamCountry "HUN"]

1. e4 c5 2. c3 d5 3. exd5 Qxd5 4. d4 cxd4 5. cxd4 Nc6 6. Nf3 e6 7. Nc3 Qd8 8. Bf4 Nf6 9. Bc4 Bd6 10. Bxd6 Qxd6 11. 0-0 0-0 12. Re1 a6 13. Qd2 b5 14. Bd3 Bb7 15. Rad1 Nb4 16. Bb1 Bxf3 17. gxf3 Nbd5 18. Re5 Rfd8 19. Ne4 Qe7 20. Kh1 g6 21. Rg1 Kg7 22. Nc5 Nb6 23. b3 Nbd7 24. Nxd7 Rxd7 25. h4 Rad8 26. h5 Nd5 27. Reg5 h6 28. R5g2 Qh4+ 29. Rh2 Qf4 30. Qd3 Ne7 31. hxg6 f6 32. Rg4 Qc1+ 33. Kg2 Nf5 34. Qc2 Qxc2 35. Bxc2 Nxd4 36. Bb1 f5 37. Rg3 Ne2 38. Rgh3 Rd1 39. Rh1 Nf4+ 0-1

[Event "HUN-chT2 Erkel 1415"]
[Site "Hungary"]
[Date "2015.03.01"]
[Round "7.11"]
[White "Todor, Attila"]
[Black "Molnar, Daniel"]
[Result "1/2-1/2"]
[WhiteElo "1943"]
[BlackElo "1773"]
[PlyCount "91"]
[EventDate "2014.09.28"]
[EventType "team-tourn"]
[EventRounds "9"]
[EventCountry "HUN"]
[SourceTitle "EXT 2016"]
[Source "ChessBase"]
[SourceDate "2015.10.08"]
[SourceVersion "1"]
[SourceVersionDate "2015.10.08"]
[SourceQuality "1"]
[WhiteTeam "Paszto"]
[BlackTeam "Andornaktalya"]
[WhiteTeamCountry "HUN"]
[BlackTeamCountry "HUN"]

1. e4 c6 2. d4 d5 3. Nc3 dxe4 4. Nxe4 Bf5 5. Ng3 Bg6 6. Nf3 Nd7 7. h4 h6 8. h5 Bh7 9. Bd3 Bxd3 10. Qxd3 e6 11. Bf4 Ngf6 12. Ne4 Nxe4 13. Qxe4 Nf6 14. Qd3 Bd6 15. Ne5 Nd5 16. Bg3 0-0 17. Ng4 Nb4 18. Qd2 Bxg3 19. Qxb4 Bc7 20. Qc4 Qg5 21. Qe2 Rad8 22. c3 Rfe8 23. Kf1 e5 24. dxe5 Bxe5 25. Ne3 Bf4 26. Rh3 Rd6 27. Rd1 Rxd1+ 28. Qxd1 Bxe3 29. Rxe3 Rxe3 30. fxe3 Qxe3 31. Qd8+ Kh7 32. Qd7 Qc1+ 33. Kf2 Qxb2+ 34. Kg1 Qc1+ 35. Kh2 Qf4+ 36. Kg1 Qe3+ 37. Kf1 Qf4+ 38. Kg1 f5 39. Qxb7 Qc1+ 40. Kh2 Qxc3 41. Qxa7 Qe5+ 42. Kg1 Qe1+ 43. Kh2 Qh4+ 44. Kg1 Qe1+ 45. Kh2 Qh4+ 46. Kg1 1/2-1/2

[Event "HUN-chT2 Erkel 1314"]
[Site "Hungary"]
[Date "2014.02.02"]
[Round "6.8"]
[White "Todor, Attila"]
[Black "Halasz, Csaba"]
[Result "1-0"]
[WhiteElo "1924"]
[BlackElo "2120"]
[PlyCount "61"]
[EventDate "2013.09.08"]
[EventType "team-tourn"]
[EventRounds "11"]
[EventCountry "HUN"]
[SourceTitle "EXT 2016"]
[Source "ChessBase"]
[SourceDate "2015.10.08"]
[SourceVersion "1"]
[SourceVersionDate "2015.10.08"]
[SourceQuality "1"]
[WhiteTeam "Paszto"]
[BlackTeam "Budapest MAFC"]
[WhiteTeamCountry "HUN"]
[BlackTeamCountry "HUN"]

1. e4 c5 2. Nf3 Nc6 3. d4 cxd4 4. Nxd4 Nf6 5. Nc3 e5 6. Ndb5 d6 7. Bg5 a6 8. Na3 b5 9. Nd5 Qa5+ 10. Bd2 Qd8 11. Bg5 Qa5+ 12. Bd2 Qd8 13. Bg5 Be7 14. Bxf6 Bxf6 15. c3 0-0 16. Nc2 Rb8 17. a4 bxa4 18. Rxa4 Rxb2 19. Bxa6 Bg5 20. Bxc8 Qxc8 21. 0-0 Qb7 22. Ncb4 Rb8 23. Qg4 Bd8 24. h4 Qb5 25. Qd7 Nd4 26. Qxb5 Nxb5 27. Nc6 Nxc3 28. Nxc3 Rc8 29. Nd5 Kf8 30. Nxd8 Rxd8 31. Rc1 1-0

[Event "HUN-chT2 Erkel 1314"]
[Site "Hungary"]
[Date "2013.09.22"]
[Round "2.10"]
[White "Todor, Attila"]
[Black "Toth, Mate Jozsef"]
[Result "0-1"]
[WhiteElo "1924"]
[BlackElo "1852"]
[PlyCount "50"]
[EventDate "2013.09.08"]
[EventType "team-tourn"]
[EventRounds "11"]
[EventCountry "HUN"]
[SourceTitle "EXT 2016"]
[Source "ChessBase"]
[SourceDate "2015.10.08"]
[SourceVersion "1"]
[SourceVersionDate "2015.10.08"]
[SourceQuality "1"]
[WhiteTeam "Paszto"]
[BlackTeam "Szada GSBE"]
[WhiteTeamCountry "HUN"]
[BlackTeamCountry "HUN"]

1. e4 c5 2. Nf3 Nc6 3. d4 cxd4 4. Nxd4 g6 5. Be3 Bg7 6. Be2 Nf6 7. Nxc6 bxc6 8. e5 Qa5+ 9. c3 Qxe5 10. 0-0 0-0 11. Re1 Qc7 12. Bf3 Bb7 13. h4 d6 14. h5 c5 15. hxg6 hxg6 16. Bxb7 Qxb7 17. Qc1 Rab8 18. b3 Ng4 19. Bg5 f6 20. Bd2 Kf7 21. Qd1 Qd7 22. Qe2 Rbe8 23. Na3 Rh8 24. Nc4 Qf5 25. Ne3 Rh1+ 0-1

[Event "HUN-chT2 Erkel 1314"]
[Site "Hungary"]
[Date "2013.09.08"]
[Round "1.9"]
[White "Todor, Attila"]
[Black "Horvath, Jeno Kalman"]
[Result "1/2-1/2"]
[WhiteElo "1924"]
[BlackElo "1965"]
[PlyCount "52"]
[EventDate "2013.09.08"]
[EventType "team-tourn"]
[EventRounds "11"]
[EventCountry "HUN"]
[SourceTitle "EXT 2016"]
[Source "ChessBase"]
[SourceDate "2015.10.08"]
[SourceVersion "1"]
[SourceVersionDate "2015.10.08"]
[SourceQuality "1"]
[WhiteTeam "Paszto"]
[BlackTeam "Fot"]
[WhiteTeamCountry "HUN"]
[BlackTeamCountry "HUN"]

1. e4 c5 2. Nf3 e6 3. d4 cxd4 4. Nxd4 a6 5. Be2 Nf6 6. Bg5 h6 7. Bxf6 Qxf6 8. 0-0 Bc5 9. c3 Nc6 10. Nb3 Ba7 11. N1d2 d5 12. exd5 exd5 13. Nf3 Ne7 14. Nbd4 0-0 15. Qd2 Ng6 16. Rfe1 Bd7 17. Rad1 Rad8 18. Bf1 Bb8 19. g3 Bg4 20. Bg2 Ne5 21. Nxe5 Bxe5 22. f3 Bc8 23. Qf2 Bc7 24. Qe3 Bb6 25. Qe5 Qxe5 26. Rxe5 Rfe8 1/2-1/2

[Event "HUN-chT2 Erkel 1213"]
[Site "Hungary"]
[Date "2013.04.07"]
[Round "10.10"]
[White "Szerenyi, Bence"]
[Black "Todor, Attila"]
[Result "1-0"]
[WhiteElo "1959"]
[BlackElo "1961"]
[PlyCount "164"]
[EventDate "2012.09.16"]
[EventType "team-tourn"]
[EventRounds "11"]
[EventCountry "HUN"]
[SourceTitle "EXT 2014"]
[Source "ChessBase"]
[SourceDate "2013.11.20"]
[SourceVersion "1"]
[SourceVersionDate "2013.11.20"]
[SourceQuality "1"]
[WhiteTeam "Vizugy"]
[BlackTeam "Paszto"]
[WhiteTeamCountry "HUN"]
[BlackTeamCountry "HUN"]

1. e4 c5 2. Nf3 d6 3. d4 cxd4 4. Nxd4 Nf6 5. Nc3 a6 6. Be2 e5 7. Nb3 Nc6 8. 0-0 Be7 9. f4 b5 10. Be3 Bb7 11. Nd5 exf4 12. Bb6 Qd7 13. Nc7+ Kf8 14. Nxa8 Bxa8 15. Rxf4 Ne5 16. Bd4 Ng6 17. Rf1 Bxe4 18. Bf3 Bb7 19. Bxb7 Qxb7 20. Qf3 Qxf3 21. Rxf3 Ke8 22. Re1 Kd7 23. Nd2 Rg8 24. Ne4 Nxe4 25. Rxe4 f6 26. c3 Ne5 27. Rf1 Rc8 28. b3 Ke6 29. Re2 Bd8 30. Ra1 Kd5 31. a4 bxa4 32. Rxa4 a5 33. Rd2 Ke6 34. Kf1 Rb8 35. b4 axb4 36. Rxb4 Rc8 37. Rb7 Be7 38. Ra2 h6 39. Ke2 Nc6 40. Kd3 Ne5+ 41. Bxe5 fxe5 42. Raa7 Bf6 43. Ra4 Rc6 44. c4 Be7 45. Ke4 Bf6 46. h3 Be7 47. Rb3 Bf6 48. Rc3 Be7 49. Ra5 Bf6 50. Rd5 Ra6 51. Rcd3 Rc6 52. Rc3 Ra6 53. Rd2 Rc6 54. Rdc2 Rc5 55. Rd3 Rc6 56. g3 Rc5 57. Rd5 Rc6 58. h4 Ra6 59. Rc3 Ra4 60. Rdd3 d5+ 61. Rxd5 Ra1 62. Rdd3 Re1+ 63. Re3 Rd1 64. c5 Rd4+ 65. Kf3 e4+ 66. Kg4 Ra4 67. Rc2 Be5 68. c6 Bc7 69. Rce2 Kd5 70. Kf5 Kxc6 71. g4 Bd8 72. h5 Bf6 73. Rxe4 Ra5+ 74. Ke6 Rg5 75. Rc2+ Kb5 76. Rc7 Kb6 77. Rf7 Bc3 78. Rf5 Rxf5 79. Kxf5 Kc5 80. Kg6 Kd6 81. Rf4 Ke6 82. Rf7 Bf6 1-0

[Event "HUN-chT2 Erkel 1112"]
[Site "Hungary"]
[Date "2012.03.12"]
[Round "7.8"]
[White "Szalontay, Mihaly"]
[Black "Todor, Attila"]
[Result "1/2-1/2"]
[WhiteElo "1967"]
[BlackElo "1976"]
[PlyCount "45"]
[EventDate "2011.09.25"]
[EventType "team-tourn"]
[EventRounds "11"]
[EventCountry "HUN"]
[SourceTitle "EXT 2013"]
[Source "ChessBase"]
[SourceDate "2012.11.22"]
[SourceVersion "1"]
[SourceVersionDate "2012.11.22"]
[SourceQuality "1"]
[WhiteTeam "Sarkany"]
[BlackTeam "Paszto"]
[WhiteTeamCountry "HUN"]
[BlackTeamCountry "HUN"]

1. e4 c5 2. c3 Nc6 3. d4 cxd4 4. cxd4 d6 5. Nc3 a6 6. h3 e6 7. Nf3 Nf6 8. Bg5 Be7 9. Bd3 h6 10. Bh4 0-0 11. 0-0 b5 12. Rc1 Bb7 13. e5 dxe5 14. dxe5 Nd5 15. Bxe7 Ncxe7 16. Bb1 Nxc3 17. Rxc3 Qxd1 18. Rxd1 Nd5 19. Rc5 Rac8 20. Rdc1 Rxc5 21. Rxc5 Rc8 22. Rxc8+ Bxc8 23. g3 1/2-1/2

[Event "HUN-chT2 Erkel 1112"]
[Site "Hungary"]
[Date "2011.11.27"]
[Round "4.9"]
[White "Tomasek, Tamas Mate"]
[Black "Todor, Attila"]
[Result "1-0"]
[WhiteElo "2013"]
[BlackElo "1976"]
[PlyCount "93"]
[EventDate "2011.09.25"]
[EventType "team-tourn"]
[EventRounds "11"]
[EventCountry "HUN"]
[SourceTitle "EXT 2013"]
[Source "ChessBase"]
[SourceDate "2012.11.22"]
[SourceVersion "1"]
[SourceVersionDate "2012.11.22"]
[SourceQuality "1"]
[WhiteTeam "Foti"]
[BlackTeam "Paszto"]
[WhiteTeamCountry "HUN"]
[BlackTeamCountry "HUN"]

1. d4 Nf6 2. Bf4 d5 3. c4 e6 4. Nc3 Bd6 5. Bxd6 Qxd6 6. c5 Qe7 7. f4 0-0 8. Nf3 b6 9. b4 a5 10. a3 axb4 11. axb4 Rxa1 12. Qxa1 bxc5 13. bxc5 Ba6 14. Ne5 Nfd7 15. Nxd7 Qxd7 16. g3 Qc6 17. Bg2 f5 18. Kd2 Nd7 19. Qa4 Qxa4 20. Nxa4 Rb8 21. Ra1 Bc4 22. Nc3 Nf6 23. Bf3 Kf8 24. Rb1 Rxb1 25. Nxb1 Ke7 26. Kc3 Kd7 27. Kb4 Kc6 28. Ka5 Kb7 29. Na3 Ba6 30. h3 c6 31. g4 g6 32. g5 Ne8 33. h4 Ng7 34. Nc2 Bb5 35. Ne3 Kc7 36. Nf1 Kd7 37. Ng3 Ke7 38. e3 Kd7 39. Kb6 Ke7 40. h5 gxh5 41. Bxh5 Kf8 42. Kc7 Ke7 43. Be2 Ne8+ 44. Kb6 Bxe2 45. Nxe2 Kd7 46. Ng3 Ng7 47. Kb7 1-0

[Event "HUN-chT2 Erkel 1011"]
[Site "Hungary"]
[Date "2011.03.27"]
[Round "7.10"]
[White "Todor, Attila"]
[Black "Horvath, Denes"]
[Result "1/2-1/2"]
[WhiteElo "1968"]
[BlackElo "2009"]
[PlyCount "49"]
[EventDate "2010.09.12"]
[EventType "team-tourn"]
[EventRounds "11"]
[EventCountry "HUN"]
[SourceTitle "EXT 2012"]
[Source "ChessBase"]
[SourceDate "2011.11.24"]
[SourceVersion "1"]
[SourceVersionDate "2011.11.24"]
[SourceQuality "1"]
[WhiteTeam "Paszto"]
[BlackTeam "Matra"]
[WhiteTeamCountry "HUN"]
[BlackTeamCountry "HUN"]

1. e4 e5 2. Nf3 Nc6 3. d4 exd4 4. Nxd4 Bc5 5. Be3 Bxd4 6. Bxd4 Nxd4 7. Qxd4 Qf6 8. e5 Qb6 9. Qxb6 axb6 10. Bc4 Ne7 11. 0-0 c6 12. Nc3 b5 13. Bd3 b6 14. Ne4 Nd5 15. Nd6+ Ke7 16. Nf5+ Kf8 17. Be4 Nc7 18. f4 Ra4 19. Nd6 Ke7 20. b3 Ra8 21. c3 Ba6 22. Rf2 Raf8 23. Rd1 f6 24. Nf5+ Kf7 25. Rxd7+ 1/2-1/2

[Event "HUN-chT2 Erkel 0910"]
[Site "Hungary"]
[Date "2010.03.21"]
[Round "8.10"]
[White "Todor, Attila"]
[Black "Bertok, Bela"]
[Result "0-1"]
[WhiteElo "2002"]
[BlackElo "1965"]
[PlyCount "56"]
[EventDate "2009.11.08"]
[EventType "team-tourn"]
[EventRounds "11"]
[EventCountry "HUN"]
[SourceTitle "EXT 2011"]
[Source "ChessBase"]
[SourceDate "2010.11.26"]
[SourceVersion "1"]
[SourceVersionDate "2010.11.26"]
[SourceQuality "1"]
[WhiteTeam "Paszto"]
[BlackTeam "Pestszentlorinc"]
[WhiteTeamCountry "HUN"]
[BlackTeamCountry "HUN"]

1. e4 c5 2. Nf3 d6 3. d4 cxd4 4. Nxd4 Nf6 5. Nc3 a6 6. Be3 Ng4 7. Qd2 Nxe3 8. Qxe3 g6 9. 0-0-0 Bg7 10. Kb1 Nc6 11. Nb3 e6 12. Qd2 Bf8 13. h4 Be7 14. h5 0-0 15. hxg6 fxg6 16. f4 Rf7 17. g4 b5 18. Bd3 Qf8 19. f5 Ne5 20. fxg6 Nxg6 21. e5 Nxe5 22. Bxh7+ Rxh7 23. Rxh7 Kxh7 24. Rh1+ Kg8 25. Qg2 Ra7 26. Qh3 Qg7 27. Nd4 d5 28. Qh2 Bd6 0-1

[Event "Eger Agria op"]
[Site "Eger"]
[Date "2005.07.29"]
[Round "6"]
[White "Todor, Attila"]
[Black "Jacso, Adam"]
[Result "0-1"]
[WhiteElo "2025"]
[BlackElo "2070"]
[PlyCount "52"]
[EventDate "2005.07.18"]
[EventType "swiss"]
[EventRounds "9"]
[EventCountry "HUN"]
[SourceTitle "EXT 2008"]
[Source "ChessBase"]
[SourceDate "2007.11.25"]
[SourceVersion "1"]
[SourceVersionDate "2007.11.25"]
[SourceQuality "1"]

1. e4 c5 2. Nf3 Nc6 3. d4 cxd4 4. Nxd4 Nf6 5. Nc3 e5 6. Ndb5 d6 7. Bg5 a6 8. Na3 b5 9. Nd5 Be7 10. Bxf6 Bxf6 11. Nxf6+ Qxf6 12. c3 Qg6 13. Qd5 Bb7 14. Rd1 Rd8 15. f3 0-0 16. Kf2 Kh8 17. Qd3 Ne7 18. c4 f5 19. exf5 Nxf5 20. Be2 e4 21. Qb3 Nh4 22. Rhg1 Qf5 23. Bf1 exf3 24. g3 Qc5+ 25. Qe3 Qxe3+ 26. Kxe3 f2 0-1